Взрывные и другие работы в скважинах: учебное пособие

מידע ביבליוגרפי
מחבר ראשי: Щукин А. А. Анатолий Александрович
מחבר תאגידי: Томский политехнический университет
מחברים אחרים: Шмурыгин В. А. Владимир Александрович (редактор), Лукьянов В. Г. Виктор Григорьевич
סיכום:В учебном пособии описаны взрывчатые материалы, способы и методы взрывных работ в нефтегазодобыче. Рассмотрены правила безопасного хранения и перевозки взрывчатых материалов. Освещены особенности ведения взрывных работ в сейсморазведке и нефтегазовых скважинах. Предназначено для студентов вузов, обучающихся по специальности 13020 "Геофизические методы исследования скважин", а также может быть полезно дли студентов нефтегазовых колледжей и техникумов, слушателей курсов дополнительного обучения специалистов на право технического руководства горными и взрывными работами.
שפה:רוסית
יצא לאור: Томск, Изд-во ТПУ, 2006
סדרה:Учебники Томского политехнического университета
נושאים:
פורמט: ספר
KOHA link:https://koha.lib.tpu.ru/cgi-bin/koha/opac-detail.pl?biblionumber=117265

MARC

LEADER 00000nam0a2200000 4500
001 117265
005 20231101215405.0
035 |a (RuTPU)RU\TPU\book\126930 
090 |a 117265 
100 |a 20070601d2006 m y0rusy50 ca 
101 0 |a rus 
102 |a RU 
105 |a a j 001zy 
200 1 |a Взрывные и другие работы в скважинах  |e учебное пособие  |f А. А. Щукин, В. А. Шмурыгин  |g Томский политехнический университет ; под ред. В. Г. Лукьянова 
210 |a Томск  |c Изд-во ТПУ  |d 2006 
215 |a 224 с.  |c ил. 
225 1 |a Учебники Томского политехнического университета 
320 |a Библиогр.: с. 220-221. 
330 |a В учебном пособии описаны взрывчатые материалы, способы и методы взрывных работ в нефтегазодобыче. Рассмотрены правила безопасного хранения и перевозки взрывчатых материалов. Освещены особенности ведения взрывных работ в сейсморазведке и нефтегазовых скважинах. Предназначено для студентов вузов, обучающихся по специальности 13020 "Геофизические методы исследования скважин", а также может быть полезно дли студентов нефтегазовых колледжей и техникумов, слушателей курсов дополнительного обучения специалистов на право технического руководства горными и взрывными работами. 
452 1 |0 (RuTPU)RU\TPU\book\176943  |t Взрывные и другие работы в скважинах  |o учебное пособие  |f А. А. Щукин, В. А. Шмурыгин  |g Томский политехнический университет (ТПУ) ; под ред. В. Г. Лукьянова  |c Томск  |n Изд-во ТПУ  |d 2006  |s Учебники Томского политехнического университета  |a Щукин, Анатолий Александрович 
606 1 |a Взрывное дело  |2 stltpush  |3 (RuTPU)RU\TPU\subj\2379  |9 30955 
610 1 |a горное дело 
610 1 |a взрывные работы 
610 1 |a скважины 
610 1 |a взрывчатые вещества 
610 1 |a средства инициирования 
610 1 |a взрывчатые материалы 
610 1 |a склады 
610 1 |a транспортировка 
610 1 |a заряды 
610 1 |a взрывание 
610 1 |a действие 
610 1 |a методы 
610 1 |a сейсморазведка 
610 1 |a сейсморазведочные методы 
610 1 |a окружающая среда 
610 1 |a учебные пособия 
610 1 |a труды учёных ТПУ 
610 1 |a охрана 
675 |a 622.235(075.8)  |v 3 
700 1 |a Щукин  |b А. А.  |g Анатолий Александрович 
701 1 |a Шмурыгин  |b В. А.  |c специалист в области нефтегазового дела  |c доцент Томского политехнического университета  |f 1957-  |g Владимир Александрович  |2 stltpush  |3 (RuTPU)RU\TPU\pers\26137  |4 070 
702 1 |a Лукьянов  |b В. Г.  |c горный инженер  |c профессор Томского политехнического университета, доктор технических наук  |f 1930-  |g Виктор Григорьевич  |2 stltpush  |3 (RuTPU)RU\TPU\pers\12910  |4 340 
712 0 2 |a Томский политехнический университет  |z 1991-  |2 stltpush  |3 (RuTPU)RU\TPU\col\376 
801 1 |a RU  |b 63413507  |c 20070601  |g PSBO 
801 2 |a RU  |b 63413507  |c 20171010  |g PSBO 
900 |a Буровзрывные работы 
942 |c BK